000 00810nam a2200253 a 4500
001 000018399
005 20200929165507.0
008 100429k1949 sp r 000 0 spa d
040 _aDO-SdBNP
_bspa
_cBNPHU
082 _a232
_bL579d
100 1 _aLeón, Luis de,
_c1527?-1591
_939736
245 1 0 _aDe los nombres de Cristo /
_cFray Luis de León; edición y notas de Federico de Onís.
260 _aMadrid :
_bEspasa-Calpe,
_c1949.
300 _av. ;
_c19 cm.
490 1 _aClásicos castellanos
_v28
500 _aIncluye notas al pie de las páginas
500 _aLa biblioteca posee el volumen 1.
600 0 4 _aJESUCRISTO
_9444
600 0 4 _aJESUCRISTO
_xNOMBRE
_939737
700 1 _aOnís, Federico de,
_eed.
_934604
830 0 _aClásicos castellanos ;
_v28
_94180
910 _aWM
049 _aBNGR
999 _c17920
_d17920